[Event "Xtracon Chess Open 2017"]
[Site "Helsingor DEN"]
[Date "2017.07.23"]
[Round "2.151"]
[White "Tryggestad, Linnea Garberg"]
[Black "Gula, Julian"]
[Result "0-1"]
[WhiteElo "1597"]
[BlackElo "1869"]
[WhiteFideId "1518623"]
[BlackFideId "12954799"]
[EventDate "2017.07.22"]

1. d4 Nf6 2. Bg5 g6 3. Bxf6 exf6 4. c4 Bg7 5. e3 O-O 6. Nc3 d6 7. Nf3 f5 8. Bd3
Nd7 9. Qc2 Nf6 10. h3 Re8 11. O-O c6 12. Rfe1 h6 13. Rad1 Be6 14. b3 Qc7 15. Rc1
Rac8 16. Qb1 Qb8 17. c5 Nd5 18. Nxd5 Bxd5 19. Nd2 Rcd8 20. cxd6 Qxd6 21. Bc4 f4
22. Bxd5 Qxd5 23. Nf1 fxe3 24. fxe3 Rd6 25. Qd3 Rde6 26. Rc5 Qd6 27. Rd1 Re4 28.
Rcc1 Bf6 29. Kf2 Bh4+ 30. Kg1 Bg5 31. Re1 Qe6 32. Rc3 Bh4 33. Re2 Bf6 34. Ng3
Rh4 35. Kf2 Qd6 36. a4 Bd8 37. Nf1 Bb6 38. Ng3 Bc7 39. Nf1 Rh5 40. Kg1 Bb6 41.
Rcc2 c5 42. Qb5 Re7 43. dxc5 Bxc5 44. Rcd2 Qf6 45. Qd3 Rhe5 46. Rd1 Qe6 47. Rde1
Kh7 48. Kh1 f5 49. Kh2 b6 50. Kh1 a5 51. Kh2 Re4 52. g3 Rb4 53. Rb1 Bd6 54. Rd2
Bc5 55. Re2 h5 56. h4 Bd6 57. Rd2 Bc5 58. Re2 Qe5 59. Kg2 Re4 60. Rbe1 Kh6 61.
Kh2 Rxh4+ 62. Kg1 Re4 63. Qd8 Re6 64. Qg8 Re8 65. Qf7 Qe6 66. Qxe6 R8xe6 67. Kg2
g5 68. Rd1 Kg6 69. Rd8 Kg7 70. Rd7+ Kf6 71. Rd8 Bxe3 72. Rxe3 Rxe3 73. Nxe3 Rxe3
74. Rd6+ Re6 0-1

[Event "Xtracon Chess Open 2017"]
[Site "Helsingor DEN"]
[Date "2017.07.23"]
[Round "2.152"]
[White "Kopperberg, Steen"]
[Black "Sundin, Sven-Ingvar"]
[Result "1/2-1/2"]
[WhiteElo "1864"]
[BlackElo "1607"]
[WhiteFideId "1433768"]
[BlackFideId "1724517"]
[EventDate "2017.07.22"]

1. d4 d5 2. Nf3 Nf6 3. Bf4 e6 4. e3 Nc6 5. c3 Bd6 6. Bg3 Bd7 7. Nbd2 Qe7 8. Bb5
a6 9. Ba4 b5 10. Bb3 O-O 11. O-O Na5 12. Bh4 Nxb3 13. axb3 h6 14. b4 e5 15. Bxf6
Qxf6 16. dxe5 Bxe5 17. Nxe5 Qxe5 18. Nf3 Qd6 19. Qd4 c6 20. Ra5 Qc7 21. Rfa1 Bc8
22. Nd2 Re8 23. Nb3 Re4 24. Qd2 Qe5 25. Nc5 Rh4 26. g3 Rh5 27. f4 Qf5 28. Nxa6
Bxa6 29. Qe2 Qg6 30. Rxa6 Rxa6 31. Rxa6 Qb1+ 32. Kg2 Qe4+ 33. Kg1 Qb1+ 34. Kg2
Qe4+ 35. Kg1 Qb1+ 36. Qf1 Qxb2 37. Ra8+ Kh7 38. Qd3+ g6 39. h4 Qc1+ 40. Kg2 Qb2+
41. Kf3 Qh2 42. Qf1 Qc2 43. Qa1 Qe4+ 44. Kf2 Qc2+ 45. Kg1 Qd3 46. Re8 Rf5 47. c4
d4 48. Qxd4 Qxd4 49. exd4 bxc4 50. Kf2 Rb5 51. Rc8 Rb6 52. Ke3 Kg7 53. Kd2 Rxb4
54. Rxc6 Rb3 55. Rxc4 Rxg3 56. d5 Kf8 57. Re4 Ra3 58. Re5 Ra5 59. Ke3 f6 60. Re6
Rxd5 61. Rxf6+ Kg7 62. Rb6 Rh5 63. Rb7+ Kf6 64. Rb6+ Kf5 65. Rb5+ Kg4 66. Rb6
Kf5 67. Rb5+ Kg4 1/2-1/2

[Event "Xtracon Chess Open 2017"]
[Site "Helsingor DEN"]
[Date "2017.07.23"]
[Round "2.153"]
[White "Rasmussen, Ole"]
[Black "Nielsen, Aage Sondergaard"]
[Result "0-1"]
[WhiteElo "1577"]
[BlackElo "1861"]
[WhiteFideId "1417118"]
[BlackFideId "1409859"]
[EventDate "2017.07.22"]

1. e4 e6 2. d4 d5 3. Nd2 c5 4. exd5 Qxd5 5. Ngf3 Nc6 6. Bc4 Qd8 7. dxc5 Bxc5 8.
O-O Nf6 9. c3 a6 10. Qc2 b5 11. Bd3 Qc7 12. Ne4 Be7 13. Bg5 Nd5 14. Bxe7 Ncxe7
15. Ng3 Bb7 16. Rfe1 Ng6 17. Ne4 O-O 18. g3 Rac8 19. Rac1 Rfd8 20. a3 Nb6 21.
Qe2 Bd5 22. Bb1 Nc4 23. Rcd1 Qb7 24. Nd4 Nd6 25. Nxd6 Rxd6 26. Bd3 e5 27. Nf5
Rf6 28. Qc2 Re8 29. h4 e4 30. Bxe4 Bxe4 31. Rxe4 Qxe4 32. Qxe4 Rxe4 0-1

[Event "Xtracon Chess Open 2017"]
[Site "Helsingor DEN"]
[Date "2017.07.23"]
[Round "2.154"]
[White "Larsen, Preben R."]
[Black "Joensen, Jon Magnus"]
[Result "1-0"]
[WhiteElo "1860"]
[BlackElo "1600"]
[WhiteFideId "1425790"]
[BlackFideId "7201915"]
[EventDate "2017.07.22"]

1. e4 e5 2. Nf3 Nc6 3. Bc4 d6 4. d3 Be7 5. c3 Nf6 6. O-O O-O 7. h3 h6 8. Re1 a6
9. Nbd2 Na5 10. b4 Nxc4 11. Nxc4 Be6 12. Ne3 Qc8 13. Nf1 b5 14. Bb2 Nh7 15. d4
exd4 16. cxd4 c6 17. d5 Bd7 18. Rc1 Qb7 19. Ne3 Rac8 20. dxc6 Bxc6 21. Nf5 Nf6
22. Bxf6 gxf6 23. N3d4 Rfd8 24. Rxc6 Kf8 25. Rxc8 Rxc8 26. Qg4 Ke8 27. Qg8+ Kd7
28. Qxf7 Re8 29. Qe6+ Kd8 30. Rc1 Qd7 31. Nc6+ Kc7 32. Ncxe7+ Kd8 33. Rc8+ 1-0

[Event "Xtracon Chess Open 2017"]
[Site "Helsingor DEN"]
[Date "2017.07.23"]
[Round "2.155"]
[White "Tonnesen, Jan Ryder"]
[Black "Andersen, Daniel"]
[Result "0-1"]
[BlackTitle "FM"]
[WhiteElo "1575"]
[BlackElo "1856"]
[WhiteFideId "1461869"]
[BlackFideId "1402714"]
[EventDate "2017.07.22"]

1. d4 Nf6 2. c4 g6 3. Nf3 Bg7 4. Nc3 d5 5. Bf4 O-O 6. h3 c5 7. e3 Nc6 8. Be2
dxc4 9. Bxc4 cxd4 10. exd4 Qb6 11. Qb3 Nxd4 12. Nxd4 Qxd4 13. Be3 Qe5 14. O-O
Ne4 15. Nxe4 Qxe4 16. Rfe1 Qe5 17. Re2 Qh5 18. Rae1 a6 19. Bf4 e6 20. Rd2 b5 21.
Be2 Qf5 22. Bf3 Qxf4 0-1

[Event "Xtracon Chess Open 2017"]
[Site "Helsingor DEN"]
[Date "2017.07.23"]
[Round "2.156"]
[White "Kalveus, Jan"]
[Black "Persson, Lars 1958"]
[Result "1-0"]
[WhiteElo "1856"]
[BlackElo "1590"]
[WhiteFideId "1721682"]
[BlackFideId "1742469"]
[EventDate "2017.07.22"]

1. d4 Nf6 2. Bg5 e6 3. e4 Be7 4. Bd3 O-O 5. Nf3 d6 6. c4 c6 7. Qc2 h6 8. Be3 Qc7
9. e5 dxe5 10. dxe5 Nfd7 11. Bf4 c5 12. Qe2 f5 13. exf6 Qxf4 14. Qxe6+ Kh8 15.
fxe7 Re8 16. O-O Nf6 17. Qf7 Bh3 18. Qf8+ 1-0

[Event "Xtracon Chess Open 2017"]
[Site "Helsingor DEN"]
[Date "2017.07.23"]
[Round "2.157"]
[White "Shehzad, Alisha"]
[Black "Andersen, Dag"]
[Result "0-1"]
[WhiteElo "1573"]
[BlackElo "1855"]
[WhiteFideId "1521926"]
[BlackFideId "1504568"]
[EventDate "2017.07.22"]

1. e4 e5 2. Nf3 Nc6 3. Nc3 Nf6 4. a3 d6 5. h3 Be7 6. d4 exd4 7. Nxd4 Nxd4 8.
Qxd4 O-O 9. Be2 Bd7 10. Be3 a6 11. O-O Bc6 12. Bf3 Nd7 13. Nd5 Ne5 14. Nxe7+
Qxe7 15. Rfe1 f5 16. Bd2 Qh4 17. Bc3 Rf7 18. Qe3 Nxf3+ 19. Qxf3 fxe4 20. Qg3
Qxg3 21. fxg3 Re8 22. Re3 d5 23. Bd4 b6 24. Rc1 Bb5 25. Rd1 c5 26. Bxc5 bxc5 27.
Rxd5 Rf1+ 28. Kh2 c4 29. Rc5 Rf2 30. b3 Rxc2 31. bxc4 Rxc4 32. Rd5 Kf7 33. Rd6
Ke7 34. Rd5 Ke6 35. Rd2 Re7 36. h4 Ke5 37. Kh3 Rf7 38. Kh2 Rd4 39. Rc2 Bc4 40.
Rb2 Rd3 41. Rbe2 Rxe3 42. Rxe3 Kd4 43. Re1 Rf1 44. Rxf1 Bxf1 45. Kg1 Kd3 46.
Kxf1 Kd2 47. g4 e3 48. h5 e2+ 49. Kf2 e1=Q+ 50. Kf3 Qe3# 0-1

[Event "Xtracon Chess Open 2017"]
[Site "Helsingor DEN"]
[Date "2017.07.23"]
[Round "2.158"]
[White "Hina, Ariza"]
[Black "Hansen, Verner"]
[Result "1-0"]
[WhiteElo "1555"]
[BlackElo "1855"]
[WhiteFideId "1525441"]
[BlackFideId "1425285"]
[EventDate "2017.07.22"]

1. e4 e5 2. Nc3 Nf6 3. f4 d5 4. fxe5 Nxe4 5. Nf3 Bg4 6. d3 Nc5 7. Be2 Nc6 8. O-O
Be7 9. Qe1 d4 10. Nd1 Qd7 11. Ng5 Bxg5 12. Bxg5 Be6 13. Bf3 h6 14. Bd2 O-O-O 15.
Bb4 Na6 16. Ba3 Bd5 17. b4 Ne7 18. b5 Bxf3 19. Rxf3 Nb8 20. Rxf7 Rde8 21. e6
Qxb5 22. Bxe7 Nc6 23. Bh4 Ne5 24. Rxg7 Rxe6 25. Qg3 Rhe8 26. Rg8 Qc6 27. Rxe8+
Qxe8 28. Nf2 Nf3+ 29. gxf3 Rg6 30. Ng4 h5 31. Qh3 Qe3+ 32. Bf2 Qg5 33. Kh1 hxg4
34. fxg4 Qd5+ 35. Qg2 Qe6 36. Re1 Qxa2 37. Bxd4 Rc6 38. Qe4 Rd6 39. Qf5+ Kd8 40.
Bf6+ 1-0

[Event "Xtracon Chess Open 2017"]
[Site "Helsingor DEN"]
[Date "2017.07.23"]
[Round "2.159"]
[White "Stam, Bart"]
[Black "Palozza, Flavio"]
[Result "1/2-1/2"]
[WhiteElo "1854"]
[BlackElo "1573"]
[WhiteFideId "1006240"]
[BlackFideId "2815740"]
[EventDate "2017.07.22"]

1. e4 g6 2. d4 Bg7 3. c4 c6 4. Nc3 d5 5. e5 Nh6 6. cxd5 cxd5 7. Qb3 Nc6 8. Bb5
a6 9. Bxc6+ bxc6 10. Nge2 Nf5 11. O-O O-O 12. Bf4 a5 13. Rfd1 Ba6 14. Ng3 Nxg3
15. Bxg3 Rb8 16. Qc2 e6 17. Na4 Rb4 18. b3 Qd7 19. Bf4 Rc8 20. Rac1 Qa7 21. Be3
Rbb8 22. Qd2 Bb5 23. Nc5 a4 24. Ra1 Ra8 25. b4 Rab8 26. a3 Ra8 27. Bh6 Bh8 28.
Qg5 Qc7 29. Rac1 Qd8 30. Qg4 Qe7 31. Rc3 Bg7 32. Bg5 Qe8 33. Qh4 Ra7 34. Re1 Kh8
35. Rh3 Qg8 36. Ree3 Rf8 37. Be7 Re8 38. Bg5 Rf8 39. Nd3 Bxd3 40. Rxd3 Ra6 41.
Rc3 Rb6 42. Qf4 Re8 43. Qc1 Rc8 44. Rc5 Qe8 45. Rg3 Bf8 46. Bf6+ Kg8 47. Ra5 Ra8
48. Rxa8 Qxa8 49. h4 Bg7 50. Bxg7 Kxg7 51. h5 Qe8 52. Qg5 Ra6 53. hxg6 fxg6 54.
Rh3 Ra7 55. Qh6+ Kg8 56. Rf3 Rf7 57. Rxf7 Qxf7 58. Qg5 Qa7 59. Qd8+ Kg7 60. Qf6+
Kh6 61. Qxe6 Qxd4 62. Qh3+ Kg7 63. Qd7+ Kh6 64. e6 Qd1+ 65. Kh2 Qh5+ 66. Kg3
Qe5+ 67. Kh3 Qh5+ 68. Kg3 Qe5+ 69. Kh3 1/2-1/2

[Event "Xtracon Chess Open 2017"]
[Site "Helsingor DEN"]
[Date "2017.07.23"]
[Round "2.160"]
[White "Stage, Mathias Juul"]
[Black "Stokhaug, Jon Arne"]
[Result "1/2-1/2"]
[WhiteElo "1544"]
[BlackElo "1847"]
[WhiteFideId "1463306"]
[BlackFideId "1506781"]
[EventDate "2017.07.22"]

1. Nf3 Nf6 2. g3 d5 3. Bg2 g6 4. d3 Bg7 5. O-O O-O 6. Bf4 Nbd7 7. Nc3 c6 8. Qc1
Re8 9. e4 e5 10. Bg5 d4 11. Ne2 Nf8 12. c3 dxc3 13. Qxc3 h6 14. Be3 Ng4 15. Bc5
Nd7 16. Bd6 Nb6 17. Ba3 Nf6 18. Rad1 1/2-1/2

[Event "Xtracon Chess Open 2017"]
[Site "Helsingor DEN"]
[Date "2017.07.23"]
[Round "2.161"]
[White "Tenold, Andreas"]
[Black "Ronnestad, Liam Jansson"]
[Result "0-1"]
[WhiteElo "1845"]
[BlackElo "1569"]
[WhiteFideId "1525840"]
[BlackFideId "1523384"]
[EventDate "2017.07.22"]

1. c4 e5 2. Nc3 Nc6 3. g3 f5 4. Bg2 Nf6 5. e3 d5 6. Nxd5 Nxd5 7. cxd5 Nb4 8. Qb3
e4 9. f3 Qe7 10. Qc4 Qc5 11. Qxc5 Bxc5 12. Rb1 Bd7 13. fxe4 Nd3+ 14. Kf1 Bb5 15.
Ne2 fxe4 16. Nc3 Ba6 17. Kg1 O-O 18. Nxe4 Be7 19. b3 Rad8 20. Bb2 b6 21. Bd4 Bb7
22. Bf1 Nb4 23. a3 Nxd5 24. Bg2 c5 25. Be5 Rd7 26. d4 Nxe3 27. Re1 Nxg2 28. Kxg2
cxd4 29. Rhf1 Bxa3 30. Rxf8+ Bxf8 31. Kf2 d3 32. Bc3 Bxe4 33. Rxe4 d2 34. Bxd2
Rxd2+ 35. Kg1 Bc5+ 36. Kh1 Kf7 37. Ra4 a5 38. Rf4+ Ke6 39. h4 Rd3 40. Rg4 g6 0-1

[Event "Xtracon Chess Open 2017"]
[Site "Helsingor DEN"]
[Date "2017.07.23"]
[Round "2.162"]
[White "Jacobsen, Caroline Beer"]
[Black "Trost, Martin"]
[Result "0-1"]
[WhiteElo "1538"]
[BlackElo "1844"]
[WhiteFideId "1510649"]
[BlackFideId "1710737"]
[EventDate "2017.07.22"]

1. e4 c6 2. d4 g6 3. Nc3 Bg7 4. Nf3 d6 5. Be2 Nf6 6. O-O O-O 7. Bf4 Nh5 8. Be3
Nd7 9. Qd2 b5 10. Bh6 Bb7 11. Bxg7 Nxg7 12. e5 d5 13. Ne1 a5 14. Bg4 e6 15. Qe2
Ba6 16. Nd3 b4 17. Na4 Bb5 18. b3 Bxa4 19. bxa4 Qe7 20. Rfb1 Rab8 21. Rb3 c5 22.
dxc5 Nxc5 23. Nxc5 Qxc5 24. Qd3 Rfc8 25. Rc1 d4 26. f4 h5 27. Bf3 Nf5 28. g4
hxg4 29. Bxg4 Ne3 30. Bd1 Nxd1 31. Rxd1 Qxc2 32. Rd2 Qxd3 33. Rbxd3 Rc3 34. Rxd4
Ra3 35. Rd7 Rxa4 36. Rc7 b3 37. axb3 Rxb3 38. Rf2 Rbb4 39. Rc5 Rxf4 40. Rxf4
Rxf4 41. Rxa5 Kg7 42. Ra7 g5 43. Kg2 Kg6 44. Ra3 Kf5 45. Re3 Re4 46. Rf3+ Kg6
47. Rf6+ Kg7 48. Rf3 Rxe5 49. Rg3 Kg6 0-1

[Event "Xtracon Chess Open 2017"]
[Site "Helsingor DEN"]
[Date "2017.07.23"]
[Round "2.164"]
[White "Hestholm, Sverre"]
[Black "Hansen, Ib Lynaes"]
[Result "1-0"]
[WhiteElo "1531"]
[BlackElo "1839"]
[WhiteFideId "1529161"]
[BlackFideId "1407511"]
[EventDate "2017.07.22"]

1. e4 c5 2. Nf3 g6 3. d4 Bg7 4. Nc3 cxd4 5. Nxd4 Nc6 6. Be3 a6 7. Qd2 Nxd4 8.
Bxd4 f6 9. O-O-O b5 10. Nd5 Rb8 11. Bc3 Kf8 12. Ba5 Qe8 13. Nc7 Qf7 14. Kb1 f5
15. exf5 Qxf5 16. Bd3 Qe5 17. c3 Bh6 18. f4 Qc5 19. Qe2 Rb7 20. f5 Rxc7 21. Bxc7
Qxc7 22. fxg6 hxg6 23. Bxg6 Qc6 24. Rhf1+ Kg7 25. Be8 Qe6 26. Rf7+ Qxf7 27. Qg4+
Kf8 28. Bxf7 Kxf7 29. Qh5+ Kf8 30. Qc5 Bb7 31. Rf1+ Nf6 32. Rxf6+ Kg7 33. Qxe7+ 1-0

[Event "Xtracon Chess Open 2017"]
[Site "Helsingor DEN"]
[Date "2017.07.23"]
[Round "2.165"]
[White "Lodahl, Holger Ronnow"]
[Black "Jacobsen, Fredrik Lytomt"]
[Result "1-0"]
[WhiteElo "1838"]
[BlackElo "1551"]
[WhiteFideId "1427342"]
[BlackFideId "1519808"]
[EventDate "2017.07.22"]

1. b3 e5 2. Bb2 Nc6 3. c4 Nf6 4. g3 Bc5 5. e3 d5 6. a3 O-O 7. Bg2 d4 8. Ne2 e4
9. b4 Be7 10. Nxd4 Nxd4 11. Bxd4 Bg4 12. Qc2 Bf3 13. Bxf3 exf3 14. Qf5 Re8 15.
Qxf3 Bxb4 16. Bxf6 Bxd2+ 17. Nxd2 gxf6 18. Qd5 Qe7 19. Nf3 c6 20. Qf5 Qc7 21.
O-O Qd6 22. Rfd1 1-0

[Event "Xtracon Chess Open 2017"]
[Site "Helsingor DEN"]
[Date "2017.07.23"]
[Round "2.166"]
[White "Gade, Jens"]
[Black "Rasmussen, Morten1"]
[Result "0-1"]
[WhiteElo "1523"]
[BlackElo "1838"]
[WhiteFideId "1416111"]
[BlackFideId "1410865"]
[EventDate "2017.07.22"]

1. d4 f5 2. e3 Nf6 3. c4 g6 4. Nc3 Bg7 5. Nf3 d6 6. Be2 O-O 7. O-O Qe8 8. Re1 c6
9. b3 e5 10. dxe5 dxe5 11. Bb2 Qe7 12. Qc2 Na6 13. a3 Nc5 14. Rad1 Qc7 15. h3 a6
16. b4 Nce4 17. c5 Nxc3 18. Qxc3 Nd5 19. Qb3 h6 20. Nd2 Be6 21. Qc2 a5 22. Bc4
axb4 23. axb4 Rfe8 24. Qb3 Bf7 25. e4 Nf4 26. exf5 gxf5 27. Nf3 e4 28. Bxf7+
Qxf7 29. Qxf7+ Kxf7 30. Bxg7 Kxg7 31. Rd7+ Kf6 32. Nd4 Rad8 33. Rxd8 Rxd8 34.
Ne2 Nxe2+ 35. Rxe2 Rd1+ 36. Kh2 Rb1 37. Kg3 Rxb4 38. Rc2 Ke5 39. f4+ Kd4 40. Kf2
Rb5 41. g4 fxg4 42. hxg4 Rxc5 43. Rxc5 Kxc5 44. g5 hxg5 45. fxg5 Kd6 46. g6 Ke6 0-1

[Event "Xtracon Chess Open 2017"]
[Site "Helsingor DEN"]
[Date "2017.07.23"]
[Round "2.167"]
[White "Jensen, Jonbert M. S."]
[Black "Kyrkjebo, Marte B."]
[Result "0-1"]
[WhiteElo "1515"]
[BlackElo "1833"]
[WhiteFideId "1435914"]
[BlackFideId "1511602"]
[EventDate "2017.07.22"]

1. d4 Nf6 2. c4 e6 3. Nc3 Bb4 4. Qc2 c5 5. dxc5 O-O 6. Nf3 Na6 7. a3 Bxc3+ 8.
Qxc3 Nxc5 9. Bg5 Nfe4 10. Bxd8 Nxc3 11. Be7 Nb3 12. Bxf8 Kxf8 13. Nd2 Nxa1 14.
bxc3 Nc2+ 15. Kd1 Nxa3 16. e3 d5 17. cxd5 exd5 18. Bd3 Be6 19. Ke2 Nc4 20. Nxc4
dxc4 21. Be4 Rb8 22. Ra1 a6 23. Rb1 b5 24. Kd2 Rd8+ 25. Kc2 Bd5 26. Bxd5 Rxd5
27. Ra1 Rd6 28. g3 Ke7 29. Re1 a5 30. Rb1 Rb6 31. Ra1 a4 32. Rb1 Kd6 33. Ra1 Kc5
34. Ra2 Ra6 35. Kd2 a3 36. Kc2 b4 37. cxb4+ Kxb4 38. Ra1 a2 39. Kb2 c3+ 40. Kc2
Ka3 41. Kxc3 Rc6+ 42. Kd3 Kb2 0-1

[Event "Xtracon Chess Open 2017"]
[Site "Helsingor DEN"]
[Date "2017.07.23"]
[Round "2.168"]
[White "Morling, Aase"]
[Black "Dishman, Matthew"]
[Result "0-1"]
[WhiteElo "1512"]
[BlackElo "1824"]
[WhiteFideId "1440993"]
[BlackFideId "438642"]
[EventDate "2017.07.22"]

1. e4 c6 2. d4 d5 3. exd5 cxd5 4. c4 Nf6 5. Nc3 e6 6. cxd5 Nxd5 7. Nxd5 Qxd5 8.
Nf3 Nc6 9. Be2 Bd6 10. O-O O-O 11. b3 Qa5 12. Bb2 h6 13. a3 Rd8 14. b4 Qc7 15.
Rc1 Qd7 16. Bb5 a6 17. Bxc6 bxc6 18. Re1 a5 19. Ne5 Bxe5 20. dxe5 Bb7 21. Qxd7
Rxd7 22. Red1 Rxd1+ 23. Rxd1 axb4 24. axb4 Ra2 25. Rd2 Kf8 26. f4 Ke7 27. Kf2
Ra4 28. Bd4 Ba6 29. Bc5+ Ke8 30. g3 Bc4 31. h4 h5 32. Ke3 Bd5 33. Rf2 Ra3+ 34.
Kd4 Rxg3 35. Rb2 Rf3 36. b5 Rxf4+ 37. Ke3 Rf3+ 38. Kd4 cxb5 39. Rxb5 Kd7 40. Bd6
Rf4+ 41. Ke3 Rxh4 42. Kf2 g5 43. Ra5 Rf4+ 44. Kg1 h4 45. Ra7+ Kc6 46. Be7 Rf5
47. Bf6 h3 48. Rxf7 g4 49. Rg7 Bf3 50. Kh2 Be2 51. Kg3 Rf3+ 52. Kxg4 Rxf6+ 53.
Kxh3 Rf5 54. Kg3 Kd5 55. Re7 Kxe5 56. Re8 Bc4 57. Rc8 Kd4 58. Rd8+ Bd5 59. Kg4
Rf1 60. Kg3 e5 61. Re8 e4 62. Kg2 Rf7 63. Kg1 e3 64. Kh2 Kd3 65. Rd8 Rf5 66. Kg1
e2 67. Re8 Rf1+ 0-1

[Event "Xtracon Chess Open 2017"]
[Site "Helsingor DEN"]
[Date "2017.07.23"]
[Round "2.169"]
[White "Rasmussen, Henrik"]
[Black "Skjoldager, Morten"]
[Result "1/2-1/2"]
[WhiteElo "1822"]
[BlackElo "1538"]
[WhiteFideId "1437011"]
[BlackFideId "1434322"]
[EventDate "2017.07.22"]

1. f4 d5 2. e3 Nf6 3. b3 Bf5 4. Nf3 h6 5. Ba3 a6 6. c4 c6 7. Nc3 Nbd7 8. Be2 e6
9. Bb2 b5 10. Nd4 Qc8 11. Nxf5 exf5 12. cxd5 c5 13. Bd3 g6 14. e4 b4 15. Na4
fxe4 16. Bxe4 Bg7 17. Bf3 O-O 18. O-O Qc7 19. g3 Qd6 20. d4 Rac8 21. Rc1 Rfd8
22. dxc5 Nxc5 23. Be5 Qe7 24. d6 Qa7 25. Qd4 Nh5 26. Bxg7 Rxd6 27. Qf2 Rd2 28.
Rxc5 Rxf2 29. Rxc8+ Kxg7 30. Rxf2 Qe3 31. Kg2 Nf6 32. Re2 Qd4 33. Nb2 g5 34.
fxg5 hxg5 35. Nc4 g4 36. Bb7 Qd3 37. Rd2 Qf5 38. Rf2 Qd3 39. Rc7 Qd8 40. Rc6
Qd5+ 1/2-1/2

[Event "Xtracon Chess Open 2017"]
[Site "Helsingor DEN"]
[Date "2017.07.23"]
[Round "2.170"]
[White "Cuyx, Tomas"]
[Black "Amin, Idris"]
[Result "0-1"]
[WhiteElo "1495"]
[BlackElo "1819"]
[WhiteFideId "244619"]
[BlackFideId "1746022"]
[EventDate "2017.07.22"]

1. d4 d6 2. c4 g6 3. Nc3 Bg7 4. e4 Nf6 5. Be2 O-O 6. f4 a5 7. Nf3 Na6 8. O-O c5
9. Re1 cxd4 10. Nxd4 Qb6 11. Be3 Qxb2 12. Ndb5 Nxe4 13. Rb1 Nxc3 0-1

[Event "Xtracon Chess Open 2017"]
[Site "Helsingor DEN"]
[Date "2017.07.23"]
[Round "2.171"]
[White "Hansen, Simon L."]
[Black "Yilmaz, Kazim"]
[Result "1-0"]
[WhiteElo "1819"]
[BlackElo "1527"]
[WhiteFideId "1446894"]
[BlackFideId "1514326"]
[EventDate "2017.07.22"]

1. d4 d5 2. c4 c6 3. Nf3 Nf6 4. Nc3 e6 5. Bg5 Nbd7 6. e4 dxe4 7. Nxe4 Bb4+ 8.
Ned2 Qe7 9. a3 Bxd2+ 10. Qxd2 O-O 11. Bd3 e5 12. O-O exd4 13. Nxd4 Nb6 14. Qc2
h6 15. Bh4 Be6 16. Rfe1 Rfd8 17. Nf5 Qd7 18. Rad1 Bxf5 19. Bxf5 Qc7 20. Bxf6
gxf6 21. Re3 Rxd1+ 22. Qxd1 Qf4 23. Rf3 Qe5 24. h3 Nxc4 25. Rg3+ Kf8 26. Qg4
Qe1+ 27. Kh2 Nd2 28. Qg7+ Ke7 29. Re3+ Qxe3 30. fxe3 Nf1+ 31. Kg1 Nxe3 32. Bg6
Rf8 33. Bh5 Nf5 34. Qg4 Nd6 35. Qe2+ Kd7 36. Qf2 f5 37. Qxa7 Kc7 38. b4 Re8 39.
Bf3 Nb5 40. Qc5 Nd6 41. a4 Re1+ 42. Kh2 f6 43. Qd4 Re5 44. a5 Ne4 45. Qb6+ Kc8
46. Qa7 Rb5 47. Qa8+ Kc7 48. Qf8 Rd5 49. Bxe4 fxe4 50. Qe7+ Kc8 51. Qxf6 h5 52.
Qe6+ Kc7 53. Qxe4 Rb5 54. g4 hxg4 55. hxg4 Rd5 56. g5 Rd2+ 57. Kh3 Rd7 58. g6
Kc8 59. Qe8+ Kc7 60. g7 Rd8 61. Qxd8+ Kxd8 62. g8=Q+ Kc7 63. Qe6 Kb8 64. Qd7 Ka7
65. b5 cxb5 66. Qxb5 Ka8 67. Qb6 Kb8 68. a6 Kc8 69. Qxb7+ Kd8 70. a7 Ke8 71.
a8=R# 1-0

[Event "Xtracon Chess Open 2017"]
[Site "Helsingor DEN"]
[Date "2017.07.23"]
[Round "2.172"]
[White "Calderon, Paul"]
[Black "Kvamme, Ingrid Jodre"]
[Result "1-0"]
[WhiteElo "1814"]
[BlackElo "1512"]
[WhiteFideId "2082160"]
[BlackFideId "1516981"]
[EventDate "2017.07.22"]

1. c4 c5 2. g3 Nf6 3. Bg2 g6 4. Nf3 Bg7 5. Nc3 O-O 6. O-O Nc6 7. d3 a6 8. Rb1
Rb8 9. Bf4 d6 10. Qd2 Re8 11. a3 b5 12. cxb5 axb5 13. b4 cxb4 14. axb4 Bd7 15.
Rfc1 Qb6 16. Be3 Qd8 17. h3 d5 18. d4 Bf5 19. Rb2 Qd7 20. g4 Ne4 21. Qc2 Nxc3
22. Qxc3 Nxd4 23. Bxd4 Rec8 24. Qd2 Be4 25. Bxg7 Kxg7 26. Rxc8 Rxc8 27. Ng5 Bxg2
28. Kxg2 Rc4 29. Rc2 Qc6 30. Rxc4 dxc4+ 31. f3 h6 32. Ne4 f6 33. Nc3 g5 34. Qd5
Qxd5 35. Nxd5 Kf7 36. Kf2 e6 37. Nc3 e5 38. Nxb5 1-0

[Event "Xtracon Chess Open 2017"]
[Site "Helsingor DEN"]
[Date "2017.07.23"]
[Round "2.174"]
[White "Naesborg, Jens-Ole"]
[Black "Damm, Henrik"]
[Result "1/2-1/2"]
[WhiteElo "1808"]
[BlackElo "1506"]
[WhiteFideId "1443577"]
[BlackFideId "1425013"]
[EventDate "2017.07.22"]

1. e4 c5 2. d4 cxd4 3. c3 dxc3 4. Nxc3 Nc6 5. Bc4 e6 6. Nf3 Bb4 7. Bd2 Nge7 8.
Qe2 a6 9. a3 Ba5 10. O-O b5 11. Ba2 Bb7 12. Rfd1 O-O 13. Rac1 Bc7 14. Bg5 Re8
15. e5 Qc8 16. Ne4 Ng6 17. Nd6 Bxd6 18. Rxd6 h6 19. Bh4 Nd4 20. Rxd4 Qxc1+ 21.
Rd1 Qc6 22. Bg3 Red8 23. Ne1 Rac8 24. f3 Qc7 25. Bb1 Qb8 26. Qd3 Bd5 27. h4 h5
28. Qe3 Rc6 29. Qg5 Rdc8 30. Bxg6 fxg6 31. Nd3 R8c7 32. Qxg6 Qf8 33. Qxh5 Qf5
34. Qe8+ Qf8 35. Qh5 Qf5 36. Qe8+ Kh7 37. Nf4 Rc1 38. Rxc1 Rxc1+ 39. Kh2 Rc2 40.
Nh5 Bxf3 41. Nf6+ gxf6 42. Qf7+ Kh6 43. Qf8+ 1/2-1/2

[Event "Xtracon Chess Open 2017"]
[Site "Helsingor DEN"]
[Date "2017.07.23"]
[Round "2.175"]
[White "Joa, Sander"]
[Black "Nielsen, Kai Gylling"]
[Result "1/2-1/2"]
[WhiteElo "1480"]
[BlackElo "1808"]
[WhiteFideId "1523481"]
[BlackFideId "1406400"]
[EventDate "2017.07.22"]

1. e4 c6 2. d4 d5 3. Nc3 dxe4 4. Nxe4 Nf6 5. Ng3 g6 6. h3 Bg7 7. Nf3 O-O 8. a4
Nbd7 9. a5 a6 10. Bc4 h6 11. O-O b5 12. axb6 Nxb6 13. Bd3 Bb7 14. Qe2 a5 15. Bd2
a4 16. Ra2 Nh7 17. c3 Qc7 18. Be3 e5 19. dxe5 Rfe8 20. Bxb6 Qxb6 21. Rfa1 Ng5
22. Nxg5 Rxe5 23. Qc2 Rxg5 24. Ne4 Rga5 25. Nd6 Ba6 26. Nc4 1/2-1/2

[Event "Xtracon Chess Open 2017"]
[Site "Helsingor DEN"]
[Date "2017.07.23"]
[Round "2.176"]
[White "Svane, Freja"]
[Black "Haugaard, Thomas"]
[Result "0-1"]
[WhiteElo "1451"]
[BlackElo "1797"]
[WhiteFideId "12940100"]
[BlackFideId "1414330"]
[EventDate "2017.07.22"]

1. d4 Nf6 2. c4 c5 3. d5 b5 4. b3 bxc4 5. bxc4 d6 6. Nc3 g6 7. Bb2 Bg7 8. Qb3
O-O 9. e4 Nbd7 10. Rb1 Rb8 11. Qc2 Qa5 12. Bd3 Ne5 13. Ne2 Ba6 14. f4 Nxc4 15.
Qa4 Qxa4 16. Nxa4 Nxb2 17. Rxb2 Bxd3 18. O-O Rxb2 0-1